000 00639nas a2200181 a 4500
008 101111c20079999||||||||||||||||| || u
050 _aUNIDIR(05)DF
100 _aVignard, Kerstin
245 1 0 _aDisarmament forum: the Peacebuilding Commission
_cEdited by Kerstin Vignard, Jane Linekar and Valerie Compagnion
246 _aForum du desarmement
260 _aGeneva
_bUnited Nations Institute for Disarmament Research [UNIDIR]
_c2007
350 _a0.00
500 _aIssue 2
650 _aPEACEKEEPING
700 _aLinekar, Jane
700 _aCompagnion, Valerie
710 _aUnited Nations Institute for Disarmament Research (UNIDIR)
999 _c40276
_d40276